000 004140000a22001810004500
003 MACL
005 20151222151210.0
008 151222b xxu||||| |||| 00| 0 eng d
040 _aMACL
_cMACL
041 _aEnglish
082 _a700/RIC
100 _aRich, Daniel Catton
_922027
245 _aDegas
260 _bThames and Hudson
_c1951
350 _a81
650 _aArts
_922029
942 _cBK
_k700/RIC
_2ddc
999 _c39720
_d39720